| 000 | 00621cam a2200253 4500 | ||
|---|---|---|---|
| 001 | B490 | ||
| 008 | 090401t1986 xxu||||| |||| 00| 0 eng d | ||
| 035 | _a(Sirsi) u36190 | ||
| 041 | _aeng | ||
| 050 | _a711.52 | ||
| 090 | _aRICS 1986/36A | ||
| 110 |
_aSociety of Chartered Surveyors in the Republic of Ireland _91971 |
||
| 245 | _aTowards an inner city policy for Dublin | ||
| 260 | _c1986 | ||
| 300 | _a29p. ; 30cm. | ||
| 350 | _a3.25 | ||
| 650 | _aDUBLIN | ||
| 650 | _aEIRE | ||
| 650 | _aINNER CITY REDEVELOPMENT | ||
| 650 | _aPLANNING | ||
| 650 | _aURBAN RENEWAL | ||
| 942 | _n0 | ||
| 948 | _c04/03/1997 | ||
| 999 |
_c90206 _d90206 |
||